[Event "Rated Blitz game"]
[Site "?"]
[Date "2021.11.16"]
[Round "?"]
[White "TacticalSorokov"]
[Black "RCompany_1"]
[Result "1-0"]
[WhiteElo "2487"]
[BlackElo "2416"]
[PlyCount "67"]
[EventDate "2021.??.??"]
[EventType "blitz"]

1. e4 e5 2. Nf3 d5 3. exd5 e4 4. Qe2 Nf6 5. d3 Qxd5 6. Nbd2 Nc6 7. Nxe4 Be6 8.
Bg5 Be7 9. Nxf6+ gxf6 10. c4 Qd7 11. Be3 Bb4+ 12. Bd2 O-O-O 13. O-O-O Rhe8 14.
Be3 Bg4 15. d4 Bf8 16. a3 Kb8 17. Qc2 Bxf3 18. gxf3 f5 19. d5 Ne5 20. Bh3 Nxf3
21. Bxf5 Qd6 22. Qe2 Ne5 23. Bxh7 Bh6 24. Kb1 Bxe3 25. fxe3 Qh6 26. Bf5 Qg5 27.
e4 Nd7 28. Rhg1 Qf6 29. Bxd7 Rxd7 30. c5 Qf4 31. c6 Rde7 32. Qb5 Qxe4+ 33. Ka1
b6 34. Qa6 {Normal} 1-0

[Event "Rated Blitz game"]
[Site "?"]
[Date "2021.11.16"]
[Round "?"]
[White "Finally_I_Won"]
[Black "RCompany_1"]
[Result "1-0"]
[WhiteElo "2469"]
[BlackElo "2381"]
[PlyCount "107"]
[EventDate "2021.??.??"]
[EventType "blitz"]

1. e4 e5 2. Nf3 d5 3. Bc4 dxc4 4. Qe2 Bd6 5. Qxc4 Nc6 6. Qe2 Bg4 7. c3 Nf6 8.
d3 O-O 9. h3 Bh5 10. Bg5 Re8 11. Nbd2 h6 12. Bh4 Be7 13. g4 Bg6 14. O-O-O Nd7
15. Bxe7 Qxe7 16. Nf1 a5 17. Ne3 Nb6 18. Nf5 Qc5 19. Kb1 a4 20. a3 Ra5 21. h4
Rb5 22. Ka1 Rb3 23. h5 Bh7 24. g5 Bxf5 25. exf5 Nd5 26. Rc1 Nf4 27. Qd2 Rd8 28.
d4 Qd5 29. gxh6 Qxf3 30. hxg7 exd4 31. h6 Kh7 32. f6 dxc3 33. Qc2+ Qd3 34.
Qxd3+ Nxd3 35. Rxc3 Rxc3 36. bxc3 Nxf2 37. Rg1 Ne4 38. Kb2 Nxf6 39. c4 Ng8 40.
Kc3 Nxh6 41. g8=Q+ Rxg8 42. Rh1 Rg3+ 43. Kb2 Kg6 44. c5 Nd4 45. Ka2 Nhf5 46.
Rh8 Rg2+ 47. Kb1 Ne3 48. Rg8+ Kf5 49. Rxg2 Nxg2 50. Kb2 Ke4 51. Kc3 f5 52. Kc4
f4 53. c6 bxc6 54. Kb4 {Time forfeit} 1-0

[Event "Rated Blitz game"]
[Site "?"]
[Date "2021.11.16"]
[Round "?"]
[White "bingo95"]
[Black "Futuregm03pro"]
[Result "0-1"]
[WhiteElo "2585"]
[BlackElo "2709"]
[PlyCount "86"]
[EventDate "2021.??.??"]
[EventType "blitz"]

1. e4 e5 2. Nf3 d5 3. d4 exd4 4. Qxd4 Nf6 5. exd5 Qxd5 6. Qxd5 Nxd5 7. Bc4 Nb4
8. Na3 Bf5 9. Nd4 Bg6 10. Bf4 Bd6 11. Bxd6 cxd6 12. O-O-O O-O 13. c3 N4c6 14.
Ndb5 Na6 15. Nxd6 Nc5 16. Rhe1 Rad8 17. Bb5 a6 18. Bf1 b5 19. Nc2 Rd7 20. Nb4
Nxb4 21. cxb4 Na4 22. b3 Rc7+ 23. Kd2 Rc2+ 24. Ke3 Nc3 25. Ra1 Nxa2 26. Ne4
Nxb4 27. f3 f5 28. Ng5 f4+ 29. Kd4 Nc6+ 30. Kd5 Rf5+ 31. Kd6 Rxg5 32. Rxa6 h6
33. Rxc6 Rd2+ 34. Kc7 Bf7 35. Bxb5 Rxb5 36. Re7 Rbd5 37. Kb6 Rd8 38. Rcc7 Rf8
39. Red7 Rxd7 40. Rxd7 g6 41. g3 Kg7 42. g4 Re8 43. h3 Re6+ {Time forfeit} 0-1

[Event "Rated Blitz game"]
[Site "?"]
[Date "2021.11.16"]
[Round "?"]
[White "playingonthephone6"]
[Black "GrandeGila"]
[Result "1-0"]
[WhiteElo "2469"]
[BlackElo "2463"]
[PlyCount "97"]
[EventDate "2021.??.??"]
[EventType "blitz"]

1. e4 e5 2. Nf3 d5 3. Nxe5 Bd6 4. d4 dxe4 5. Nc3 Bxe5 6. dxe5 Qxd1+ 7. Kxd1 Nc6
8. Bf4 Nge7 9. Bb5 Ng6 10. Bxc6+ bxc6 11. Bg3 h5 12. h4 Bg4+ 13. Kd2 O-O-O+ 14.
Ke3 Rhe8 15. a4 Nxe5 16. Bxe5 Rxe5 17. a5 Rc5 18. Ra4 f5 19. g3 Bf3 20. Rha1 a6
21. Rb4 Rd6 22. Ra3 Rg6 23. Rab3 Rg4 24. Rb8+ Kd7 25. Ra8 Rxa5 26. Rbb8 c5 27.
Rd8+ Kc6 28. Nd5 c4 29. Ne7+ Kc5 30. Rab8 c6 31. Rbc8 Kb4 32. Nxc6+ Ka4 33. b3+
cxb3 34. cxb3+ Kb5 35. Rd5+ Kb6 36. Nxa5 f4+ 37. gxf4 Rg6 38. Rb8+ Kc7 39. Rb7+
Kc8 40. Rc5+ Kd8 41. Nc6+ Ke8 42. Re5+ Kf8 43. Nd8 Rg1 44. Rf7+ Kg8 45. Re8+
Kh7 46. Ne6 Re1+ 47. Kd4 Rg1 48. Ng5+ Kg6 49. Re6# {Normal} 1-0

[Event "Rated Blitz game"]
[Site "?"]
[Date "2021.11.16"]
[Round "?"]
[White "danikoshvili"]
[Black "RCompany_1"]
[Result "1-0"]
[WhiteElo "2539"]
[BlackElo "2391"]
[PlyCount "77"]
[EventDate "2021.??.??"]
[EventType "blitz"]

1. e4 e5 2. Nf3 d5 3. exd5 e4 4. Ne5 Qxd5 5. d4 exd3 6. Nxd3 Nc6 7. Nc3 Qa5 8.
Bd2 Bf5 9. Be2 O-O-O 10. Bg4 Nf6 11. Bxf5+ Qxf5 12. O-O Bd6 13. a3 g5 14. b4 h5
15. b5 Ne5 16. Be3 Nxd3 17. cxd3 Qe5 18. g3 Qxc3 19. Qa4 Ng4 20. Bd4 Qxd3 21.
Bxh8 Rxh8 22. Qxa7 Qf3 23. Qa8+ Kd7 24. Qxh8 Bc5 25. Rad1+ Bd6 26. Qxh5 f6 27.
Qf7+ Kd8 28. Qf8+ Kd7 29. Qf7+ Kd8 30. Qd5 Qxa3 31. Rfe1 Ne5 32. Rxe5 fxe5 33.
Qxe5 Qf3 34. Qxg5+ Kd7 35. Qg7+ Ke6 36. Qg8+ Kd7 37. Qd5 Qxd5 38. Rd4 c6 39.
bxc6+ {Time forfeit} 1-0

[Event "Rated Blitz game"]
[Site "?"]
[Date "2021.11.16"]
[Round "?"]
[White "playingonthephone6"]
[Black "GrandeGila"]
[Result "0-1"]
[WhiteElo "2469"]
[BlackElo "2464"]
[PlyCount "27"]
[EventDate "2021.??.??"]
[EventType "blitz"]

1. e4 e5 2. Nf3 d5 3. Nxe5 Bd6 4. d4 dxe4 5. Bc4 Bxe5 6. Qh5 Qe7 7. dxe5 Nc6 8.
O-O Nxe5 9. Bg5 Nf6 10. Bxf6 Qxf6 11. Nd2 Bg4 12. Nxe4 Bxh5 13. Nxf6+ gxf6 14.
Bb3 {Normal} 0-1

[Event "Rated Blitz game"]
[Site "?"]
[Date "2021.11.16"]
[Round "?"]
[White "laurens97"]
[Black "RCompany_1"]
[Result "1-0"]
[WhiteElo "2538"]
[BlackElo "2427"]
[PlyCount "115"]
[EventDate "2021.??.??"]
[EventType "blitz"]

1. e4 e5 2. Nf3 d5 3. Nc3 d4 4. Ne2 f6 5. d3 c5 6. Ng3 Nc6 7. Nh4 Be6 8. Be2
Qd7 9. h3 Nge7 10. Bg4 g6 11. Bxe6 Qxe6 12. O-O h5 13. Nf3 h4 14. Ne2 g5 15.
Nd2 Ng6 16. Nc4 Nf4 17. Nxf4 gxf4 18. Qg4 Qxg4 19. hxg4 h3 20. f3 Be7 21. gxh3
Rxh3 22. Kg2 Rg3+ 23. Kf2 Rh3 24. Kg2 Rh8 25. Bd2 Kf7 26. Rh1 b5 27. Na5 Nxa5
28. Bxa5 c4 29. a4 a6 30. Bb6 Rxh1 31. Rxh1 Kg7 32. a5 cxd3 33. cxd3 Rc8 34.
Rf1 Rc2+ 35. Rf2 Rc1 36. Rf1 Rc6 37. Kh3 Rc2 38. g5 fxg5 39. Rh1 Kg6 40. b3 Rf2
41. Rc1 Rxf3+ 42. Kh2 g4 43. Rc6+ Kh5 44. Re6 Bg5 45. Rxe5 Rf2+ 46. Kg1 g3 47.
Bd8 Kg4 48. Bxg5 Rd2 49. Bxf4 Kxf4 50. Rf5+ Kg4 51. Rf8 Rxd3 52. e5 Re3 53.
Rg8+ Kf3 54. Rf8+ Kg4 55. e6 Rxe6 56. Rg8+ Kf3 57. Rf8+ Kg4 58. Rf7 {Time
forfeit} 1-0

[Event "Rated Blitz game"]
[Site "?"]
[Date "2021.11.16"]
[Round "?"]
[White "rfwkkk"]
[Black "Futuregm03pro"]
[Result "1-0"]
[WhiteElo "2847"]
[BlackElo "2713"]
[PlyCount "103"]
[EventDate "2021.??.??"]
[EventType "blitz"]

1. e4 e5 2. Nf3 d5 3. Nxe5 Bd6 4. d4 dxe4 5. Nc3 Bxe5 6. dxe5 Qxd1+ 7. Nxd1 Nc6
8. Bf4 Nge7 9. Nc3 Ng6 10. Bg3 Ncxe5 11. O-O-O Bg4 12. Rd5 f6 13. Nxe4 O-O 14.
f3 Be6 15. Rd2 Rad8 16. Be2 c6 17. Rhd1 Rxd2 18. Rxd2 b6 19. b3 f5 20. Nd6 f4
21. Bf2 Rd8 22. Ne4 Rxd2 23. Kxd2 Kf7 24. Ng5+ Ke7 25. Nxh7 Nf7 26. h4 Nge5 27.
g3 Bd5 28. gxf4 Nxf3+ 29. Ke3 Nh2 30. Bg1 Nh6 31. Bxh2 Nf5+ 32. Kf2 Nxh4 33. c4
Bg8 34. Ng5 Nf5 35. Bd3 Nd4 36. Ke3 c5 37. f5 a6 38. Nf3 Nc6 39. Ne5 Nb4 40. a3
Nxd3 41. Nxd3 Bh7 42. Bc7 Bxf5 43. Bxb6 Kd6 44. Bxc5+ Kc6 45. Bd4 g5 46. b4 g4
47. a4 g3 48. b5+ axb5 49. axb5+ Kd6 50. Be5+ Ke6 51. Bxg3 Kd7 52. Kd4 {Normal}
1-0

[Event "Rated Blitz game"]
[Site "?"]
[Date "2021.11.16"]
[Round "?"]
[White "Pauletto"]
[Black "DOOGE228"]
[Result "0-1"]
[WhiteElo "2344"]
[BlackElo "2426"]
[PlyCount "78"]
[EventDate "2021.??.??"]
[EventType "blitz"]

1. e4 e5 2. Nf3 d5 3. exd5 e4 4. Ne5 Qxd5 5. d4 exd3 6. Nxd3 Nf6 7. Nc3 Qf5 8.
Be2 Bd6 9. O-O O-O 10. Bf3 Nc6 11. Be3 Bd7 12. Re1 Rfe8 13. Qd2 Rad8 14. Rad1
b6 15. h3 Na5 16. b3 Bc8 17. Bf4 Rxe1+ 18. Rxe1 Bxf4 19. Qxf4 Qxf4 20. Nxf4 Bb7
21. Bxb7 Nxb7 22. Ncd5 Ne8 23. c4 Kf8 24. Re2 c6 25. Nb4 Rd6 26. g4 Nc5 27. Kg2
a5 28. Nc2 Nc7 29. Ne3 g6 30. g5 f5 31. h4 Kf7 32. h5 Rd4 33. Kf3 Nd7 34. hxg6+
hxg6 35. Neg2 Rd1 36. Nh4 Nf8 37. Kg2 Nce6 38. Nxe6 Nxe6 39. Nxg6 Nxg5 {
Time forfeit} 0-1

[Event "Rated Blitz game"]
[Site "?"]
[Date "2021.11.16"]
[Round "?"]
[White "totoff"]
[Black "ILoveSomeone"]
[Result "1-0"]
[WhiteElo "2442"]
[BlackElo "2283"]
[PlyCount "105"]
[EventDate "2021.??.??"]
[EventType "blitz"]

1. e4 e5 2. Nf3 d5 3. d3 dxe4 4. dxe4 Qxd1+ 5. Kxd1 Bd6 6. Nbd2 Bg4 7. h3 Bh5
8. g4 Bg6 9. Bd3 Nc6 10. c3 Nf6 11. Re1 O-O-O 12. Kc2 Bc5 13. Re2 Rd7 14. Nh4
Rhd8 15. Bb5 a6 16. Bxc6 bxc6 17. Nf5 Bxf5 18. exf5 Nd5 19. Nb3 Bb6 20. Rxe5
Bxf2 21. Bd2 a5 22. a4 Bb6 23. Rae1 Kb7 24. Re8 Bf2 25. R1e2 Rxe8 26. Rxe8 Kb6
27. c4 Nb4+ 28. Bxb4 axb4 29. Re2 Bg1 30. Rd2 Re7 31. a5+ Ka6 32. Rd8 f6 33.
Rd1 Bf2 34. Rd2 Bg1 35. Kd1 Re3 36. Kc2 Rxh3 37. Rd7 Bh2 38. Rxg7 Be5 39. Nd2
Kxa5 40. Re7 Kb6 41. Ne4 Rh2+ 42. Kd3 Rxb2 43. c5+ Kb5 44. Rxh7 Rg2 45. g5 fxg5
46. Re7 Bf4 47. f6 Rh2 48. f7 Rh3+ 49. Kd4 Be3+ 50. Ke5 Rh8 51. Re8 Bf4+ 52.
Ke6 Rh6+ 53. Kf5 {Normal} 1-0

[Event "Rated Blitz game"]
[Site "?"]
[Date "2021.11.16"]
[Round "?"]
[White "SirJohn13"]
[Black "Fantastic_power06"]
[Result "1-0"]
[WhiteElo "2731"]
[BlackElo "2812"]
[PlyCount "119"]
[EventDate "2021.??.??"]
[EventType "blitz"]

1. e4 e5 2. Nf3 d5 3. exd5 e4 4. Qe2 Nf6 5. d3 Qxd5 6. Nc3 Bb4 7. Bd2 Bxc3 8.
Bxc3 O-O 9. Ne5 Re8 10. d4 Nc6 11. Nxc6 bxc6 12. Qc4 Be6 13. Qxd5 cxd5 14. Be2
Rab8 15. O-O-O Nd7 16. g4 f5 17. gxf5 Bxf5 18. Rhg1 Rf8 19. Bd2 Rb6 20. Be3 h6
21. b3 Kh7 22. h4 Rg6 23. h5 Rxg1 24. Rxg1 Nf6 25. Kd2 Be6 26. a3 Rb8 27. Bf4
Rb7 28. Be5 c6 29. Bxf6 gxf6 30. Ke3 Bf7 31. Kf4 Rc7 32. b4 Re7 33. Rg3 Be8 34.
c4 Rc7 35. c5 Rc8 36. Bg4 Rc7 37. Bf5+ Kh8 38. Bg6 Bd7 39. f3 exf3 40. Rxf3 Bc8
41. Re3 Kg7 42. Re8 f5 43. Bxf5 Rf7 44. Rxc8 Re7 45. Rxc6 Re1 46. Rc7+ Kf6 47.
Rc6+ Kg7 48. b5 Rf1+ 49. Ke5 Kf7 50. Be6+ Kg7 51. Bxd5 Re1+ 52. Be4 Kf7 53.
Rc7+ Ke8 54. d5 Kd8 55. d6 Rh1 56. Rxa7 Rxh5+ 57. Bf5 Ke8 58. Ke6 Kf8 59. d7
Kg7 60. d8=Q# {Normal} 1-0

[Event "Rated Blitz tournament ZkxPXpJS"]
[Site "?"]
[Date "2021.11.16"]
[Round "?"]
[White "Zhigalko_Sergei"]
[Black "KappaGolden"]
[Result "1-0"]
[WhiteElo "2792"]
[BlackElo "2287"]
[PlyCount "35"]
[EventDate "2021.??.??"]
[EventType "blitz"]

1. e4 e5 2. Nf3 d5 3. exd5 e4 4. Qe2 Nf6 5. Nc3 Be7 6. Nxe4 Nxd5 7. d4 O-O 8.
Qd1 Bf5 9. Ng3 Bg6 10. c3 f5 11. Bc4 Kh8 12. Ne5 f4 13. Nxg6+ hxg6 14. Qg4 Qd7
15. Qxd7 Nxd7 16. Bxd5 fxg3 17. hxg3+ Bh4 18. Rxh4# {Normal} 1-0

[Event "Rated Blitz game"]
[Site "?"]
[Date "2021.11.16"]
[Round "?"]
[White "Attacker2700"]
[Black "Roberto_Baggio1978"]
[Result "0-1"]
[WhiteElo "2534"]
[BlackElo "2567"]
[PlyCount "130"]
[EventDate "2021.??.??"]
[EventType "blitz"]

1. e4 e5 2. Nf3 d5 3. Nxe5 Bd6 4. d4 dxe4 5. Bc4 Bxe5 6. dxe5 Qxd1+ 7. Kxd1 Nc6
8. Bb5 Nge7 9. Nc3 Bg4+ 10. Ke1 O-O-O 11. h3 Bf5 12. g4 Bg6 13. Bg5 Rhe8 14.
Bxc6 bxc6 15. Ke2 Rd4 16. Be3 Rb4 17. b3 Nd5 18. Bd2 Rd4 19. Na4 Rxe5 20. c4 e3
21. fxe3 Nxe3 22. Bxe3 Rd3 23. Rae1 Rexe3+ 24. Kf2 Rxh3 25. Rxh3 Rxh3 26. Nc5
Kd8 27. Rd1+ Ke7 28. Rd7+ Kf6 29. Rxc7 Rh2+ 30. Kg3 Rxa2 31. Rxc6+ Ke5 32. Nd7+
Kd4 33. Rd6+ Kc3 34. c5 Kxb3 35. c6 Rc2 36. Ne5 Be4 37. Kf4 Bg2 38. Rd7 Bxc6
39. Rxa7 Bd5 40. Rd7 Be6 41. Rd6 Kb4 42. g5 Rf2+ 43. Ke3 Rf5 44. Nf3 Kc5 45.
Rd8 Bd5 46. Nd4 Re5+ 47. Kd3 Bc4+ 48. Kc3 Rxg5 49. Rc8+ Kd5 50. Nc2 Rg3+ 51.
Kb4 Rb3+ 52. Ka5 Bd3 53. Rd8+ Ke6 54. Nb4 Ke7 55. Kb6 Rxb4+ 56. Kc5 Rc4+ 57.
Kd5 Kxd8 58. Ke5 Be4 59. Kd6 Rc6+ 60. Ke5 Ke7 61. Kd4 f5 62. Ke3 f4+ 63. Kxf4
Bg6 64. Kg3 Rc5 65. Kh4 Rc4+ {Time forfeit} 0-1

[Event "Rated Blitz game"]
[Site "?"]
[Date "2021.11.16"]
[Round "?"]
[White "Alexandr_KhleBovich"]
[Black "Futuregm03pro"]
[Result "0-1"]
[WhiteElo "2844"]
[BlackElo "2704"]
[PlyCount "136"]
[EventDate "2021.??.??"]
[EventType "blitz"]

1. e4 e5 2. Nf3 d5 3. exd5 e4 4. Qe2 Qe7 5. Nd4 Nf6 6. d3 exd3 7. Qxe7+ Bxe7 8.
Bxd3 Nxd5 9. O-O O-O 10. a3 Bf6 11. c3 Rd8 12. Re1 c5 13. Nb5 Be6 14. c4 Nb6
15. Be4 Nc6 16. Bxc6 bxc6 17. Nc7 Rac8 18. Nxe6 Re8 19. Nd2 Rcd8 20. Ne4 Rxe6
21. Nxf6+ gxf6 22. Be3 Nxc4 23. Bxc5 Nxb2 24. Bxa7 Ra8 25. Bd4 Nc4 26. Rxe6
fxe6 27. Bxf6 Rxa3 28. Rc1 Ra4 29. g3 Kf7 30. Bc3 e5 31. h4 h5 32. Kg2 Ke6 33.
Be1 e4 34. Rd1 Ne5 35. Rc1 Ra2 36. Rc5 Nd3 37. Rxc6+ Kd5 38. Rh6 Nxe1+ 39. Kf1
Nd3 40. Rxh5+ Ke6 41. Rg5 Rxf2+ 42. Kg1 e3 43. Rb5 Rd2 44. Rb8 Rd1+ 45. Kg2 Ne5
46. Re8+ Kf5 47. Rf8+ Ke4 48. Rf1 Rxf1 49. Kxf1 Kf3 50. Ke1 Nd3+ 51. Kd1 e2+
52. Kd2 e1=Q+ 53. Kxd3 Qxg3 54. h5 Qh4 55. h6 Qxh6 56. Kd4 Qh4+ 57. Kd5 Qf4 58.
Kc5 Ke3 59. Kd5 Qe4+ 60. Kd6 Kd3 61. Kc5 Qd4+ 62. Kc6 Kc4 63. Kb7 Qd5+ 64. Kc7
Kc5 65. Kb8 Qf7 66. Kc8 Kd6 67. Kb8 Kc6 68. Ka8 Qb7# {Normal} 0-1

[Event "Rated Blitz game"]
[Site "?"]
[Date "2021.11.16"]
[Round "?"]
[White "MoshkovAK"]
[Black "ALJHoNNikz"]
[Result "1-0"]
[WhiteElo "2431"]
[BlackElo "2403"]
[PlyCount "55"]
[EventDate "2021.??.??"]
[EventType "blitz"]

1. e4 e5 2. Nf3 d5 3. Nxe5 dxe4 4. d4 Bd6 5. Nc4 Nc6 6. Nc3 Nf6 7. Bg5 Bf5 8.
Ne3 Bg6 9. Bb5 h6 10. Bxc6+ bxc6 11. Bh4 O-O 12. Qd2 Rb8 13. Rb1 Bb4 14. O-O
Qd6 15. Bg3 Qe7 16. a3 Ba5 17. Nc4 Bb6 18. Rfe1 Rfd8 19. Be5 c5 20. d5 Ng4 21.
Bf4 f5 22. Rbd1 Nf6 23. f3 Bf7 24. fxe4 fxe4 25. Bxh6 gxh6 26. Qxh6 Nxd5 27.
Rxe4 Qf6 28. Rg4+ {Time forfeit} 1-0

[Event "Rated Blitz game"]
[Site "?"]
[Date "2021.11.16"]
[Round "?"]
[White "mared2"]
[Black "Pepiton61"]
[Result "0-1"]
[WhiteElo "2409"]
[BlackElo "2385"]
[PlyCount "74"]
[EventDate "2021.??.??"]
[EventType "blitz"]

1. e4 e5 2. Nf3 d5 3. exd5 e4 4. Qe2 Nf6 5. d3 Qxd5 6. Bg5 Bb4+ 7. c3 O-O 8.
dxe4 Nxe4 9. Be3 Bc5 10. Nbd2 Bxe3 11. fxe3 Nxd2 12. Qxd2 Qe6 13. Nd4 Qe7 14.
O-O-O c5 15. Nf3 Nc6 16. Bd3 Be6 17. Kb1 h6 18. Qc2 Rfd8 19. e4 c4 20. Be2 b5
21. Nd4 Nxd4 22. cxd4 f6 23. g4 Bf7 24. h4 Bg6 25. Bf3 Rac8 26. Ka1 b4 27. Rhg1
c3 28. b3 Re8 29. Rde1 Rcd8 30. d5 Rxd5 31. g5 Rd2 32. Qc1 hxg5 33. hxg5 Qe5
34. gxf6 Qxf6 35. Ref1 c2+ 36. Qb2 c1=Q+ 37. Rxc1 Qxb2# {Normal} 0-1

[Event "Rated Blitz game"]
[Site "?"]
[Date "2021.11.16"]
[Round "?"]
[White "rfwkkk"]
[Black "Futuregm03pro"]
[Result "1/2-1/2"]
[WhiteElo "2845"]
[BlackElo "2715"]
[PlyCount "167"]
[EventDate "2021.??.??"]
[EventType "blitz"]

1. e4 e5 2. Nf3 d5 3. exd5 e4 4. Qe2 Qe7 5. Nd4 Nf6 6. Nc3 Nbd7 7. Nf5 Qe5 8.
Ng3 Bb4 9. Ncxe4 O-O 10. c3 Ba5 11. b4 Bb6 12. Nxf6+ Qxf6 13. d4 a5 14. b5 c6
15. Ba3 c5 16. Ne4 Qg6 17. dxc5 Re8 18. f3 f5 19. cxb6 fxe4 20. f4 Nxb6 21. c4
e3 22. O-O-O Na4 23. Qc2 Qxc2+ 24. Kxc2 e2 25. Bxe2 Rxe2+ 26. Rd2 Bf5+ 27. Kc1
Rae8 28. Rhd1 Nc3 29. Rxe2 Rxe2 30. Rd2 Nxa2+ 31. Kd1 Nc3+ 32. Kc1 Rxd2 33.
Kxd2 Ne4+ 34. Ke3 Nf6 35. Kd4 Be4 36. g3 Kf7 37. Kc5 Bd3 38. Kd4 Be4 39. Kc5
Bd3 40. Kd4 Bf1 41. c5 Bg2 42. d6 Ke6 43. Bb2 Nd7 44. Bc3 a4 45. Bb4 Bh1 46.
Kc4 Nf6 47. Kd4 Nd5 48. g4 Nxb4 49. f5+ Kf6 50. c6 bxc6 51. Kc5 cxb5 52. Kxb4
a3 53. Kxb5 a2 54. d7 Ke7 55. Kb6 Kd8 56. Kc5 a1=Q 57. Kd6 Qb1 58. Ke5 Qc1 59.
Ke6 Qd1 60. f6 Qxd7+ 61. Ke5 gxf6+ 62. Kf4 Qe7 63. Kg3 Qf7 64. Kh4 Qe6 65. h3
Qd5 66. Kg3 Qd4 67. Kh4 Qd3 68. Kh5 Qe3 69. h4 Qh3 70. g5 fxg5 71. Kxg5 Qg3+
72. Kh5 Qxh4+ 73. Kxh4 Be4 74. Kh3 Bg6 75. Kh2 Ke7 76. Kg3 Ke6 77. Kh2 Ke5 78.
Kg3 Ke4 79. Kh2 h5 80. Kg3 Kf5 81. Kh2 Kg5 82. Kg1 h4 83. Kh2 Bh5 84. Kg1 {
Time forfeit} 1/2-1/2

[Event "Rated Blitz game"]
[Site "?"]
[Date "2021.11.16"]
[Round "?"]
[White "rfwkkk"]
[Black "Futuregm03pro"]
[Result "1-0"]
[WhiteElo "2836"]
[BlackElo "2722"]
[PlyCount "135"]
[EventDate "2021.??.??"]
[EventType "blitz"]

1. e4 e5 2. Nf3 d5 3. exd5 e4 4. Qe2 Qe7 5. Nd4 Nf6 6. Nc3 Nbd7 7. d3 exd3 8.
Qxe7+ Bxe7 9. Bxd3 Nb6 10. Bb5+ Bd7 11. Bxd7+ Kxd7 12. Nf5 Bb4 13. O-O Bxc3 14.
bxc3 g6 15. Nh6 Rae8 16. Nxf7 Rhf8 17. Ng5 Nbxd5 18. c4 Nb6 19. Ba3 Rg8 20.
Rad1+ Kc8 21. Bb2 Rgf8 22. c5 Nc4 23. Bxf6 Rxf6 24. Nxh7 Rf5 25. Rd4 Ne5 26. h4
Nf7 27. Rfd1 Rh8 28. Ng5 Nxg5 29. hxg5 Rxg5 30. Rd5 Rg4 31. R1d4 Rxd4 32. Rxd4
Rf8 33. g4 Rf6 34. f4 Ra6 35. a4 Rc6 36. Rd5 Ra6 37. Rd4 Rc6 38. Rd5 Ra6 39.
Kf2 Rxa4 40. Kg3 Ra6 41. Kh4 Rc6 42. Kg5 a5 43. f5 gxf5 44. gxf5 a4 45. f6 Rxf6
46. Kxf6 b5 47. cxb6 cxb6 48. Rd4 b5 49. Rb4 Kb7 50. Rxb5+ Ka6 51. Rb1 Ka5 52.
c4 a3 53. c5 a2 54. Rb8 Ka4 55. Ra8+ Kb5 56. Rxa2 Kxc5 57. Rd2 Kb4 58. Ke5 Kc3
59. Rd4 Kb3 60. Ke4 Kc3 61. Ke3 Kb3 62. Kd3 Kb2 63. Rc4 Kb3 64. Rd4 Ka3 65. Kc3
Ka2 66. Kc2 Ka3 67. Rc4 Ka2 68. Ra4# {Normal} 1-0

[Event "Rated Rapid game"]
[Site "?"]
[Date "2021.11.16"]
[Round "?"]
[White "justlik3that"]
[Black "Bray05"]
[Result "1/2-1/2"]
[WhiteElo "2329"]
[BlackElo "2442"]
[PlyCount "72"]
[EventDate "2021.??.??"]
[EventType "rapid"]

1. e4 e5 2. Nf3 d5 3. d4 dxe4 4. Nxe5 Bd7 5. Bc4 Be6 6. Bxe6 fxe6 7. Qh5+ g6 8.
Nxg6 Nf6 9. Qh4 Bb4+ 10. c3 Rg8 11. Nf4 Rg4 12. Qh6 Bd6 13. Nxe6 Qe7 14. Ng5
Rxg2 15. Qh3 Rg4 16. Be3 Nc6 17. Nd2 O-O-O 18. Rg1 h5 19. O-O-O Kb8 20. Rxg4
hxg4 21. Qg2 Re8 22. Nc4 Rh8 23. Nxd6 cxd6 24. h3 gxh3 25. Nxh3 Qe6 26. Nf4
Qxa2 27. Qg7 Qa1+ 28. Kc2 Nb4+ 29. cxb4 Rc8+ 30. Kd2 Qxb2+ 31. Ke1 Qxb4+ 32.
Kf1 Qc4+ 33. Ke1 Qc3+ 34. Kf1 Qc4+ 35. Ke1 Qb4+ 36. Kf1 Qc4+ {Normal} 1/2-1/2

[Event "Rated Blitz game"]
[Site "?"]
[Date "2021.11.16"]
[Round "?"]
[White "nmiq"]
[Black "batasjon"]
[Result "1-0"]
[WhiteElo "2452"]
[BlackElo "2464"]
[PlyCount "63"]
[EventDate "2021.??.??"]
[EventType "blitz"]

1. e4 e5 2. Nf3 d5 3. exd5 e4 4. Qe2 Nf6 5. d3 Qxd5 6. Nbd2 Nc6 7. Nxe4 Be6 8.
Nxf6+ gxf6 9. Qe4 Qa5+ 10. Bd2 Qb6 11. b3 Rg8 12. g3 O-O-O 13. Bg2 Rg4 14. Qxh7
Bc5 15. O-O Rdg8 16. c3 R4g7 17. Qe4 f5 18. Qe2 Bd6 19. d4 f4 20. Rae1 Bf5 21.
Ne5 Nxe5 22. dxe5 fxg3 23. hxg3 Bc5 24. b4 Rxg3 25. Qh5 Rxg2+ 26. Kh1 Bxf2 27.
Qxf5+ Kb8 28. Re2 R2g7 29. Rexf2 Rh8+ 30. Rh2 Rxh2+ 31. Kxh2 Qh6+ 32. Bxh6 {
Time forfeit} 1-0

[Event "Rated Blitz game"]
[Site "?"]
[Date "2021.11.16"]
[Round "?"]
[White "youareagmharry"]
[Black "Futuregm03pro"]
[Result "1-0"]
[WhiteElo "2750"]
[BlackElo "2720"]
[PlyCount "123"]
[EventDate "2021.??.??"]
[EventType "blitz"]

1. e4 e5 2. Nf3 d5 3. d4 exd4 4. Qxd4 Nf6 5. Nc3 c6 6. exd5 cxd5 7. Bg5 Be7 8.
Bb5+ Nc6 9. O-O O-O 10. Qh4 Be6 11. Bxc6 bxc6 12. Nd4 Qd7 13. Rfe1 Rab8 14. Nb3
Rb4 15. Qg3 Rg4 16. Qe5 Bd6 17. Bxf6 Bxe5 18. Bxe5 d4 19. Ne4 Bd5 20. Ng3 Re8
21. f3 Rg5 22. Bf4 Rxg3 23. hxg3 Rxe1+ 24. Rxe1 Bxb3 25. axb3 h6 26. b4 Qf5 27.
Re4 Qd5 28. Be5 f5 29. Re1 d3 30. cxd3 Qxd3 31. Bc3 Kf7 32. Kf2 Qc2+ 33. Re2
Qc1 34. Rd2 Ke6 35. Re2+ Kf7 36. Rd2 Ke6 37. Ke2 g5 38. Kd3 Qf1+ 39. Kc2 f4 40.
g4 Qh1 41. Kb3 h5 42. gxh5 Qxh5 43. Kc4 g4 44. fxg4 Qxg4 45. Kc5 Qg5+ 46. Kxc6
Qg4 47. Rd6+ Kf5 48. Rd5+ Ke4 49. Rd4+ Ke3 50. Rd2 f3 51. gxf3 Qxf3+ 52. Kb5
Qe4 53. Ka6 Qe8 54. Rd5 Qg6+ 55. Kb5 Qe4 56. Kc5 Qc2 57. Rd4 Qb3 58. Rc4 Ke2
59. Rd4 Kf1 60. Rd7 Kg2 61. Rxa7 Kh1 62. Rd7 {Time forfeit} 1-0

[Event "Rated Blitz tournament GkQ0n31A"]
[Site "?"]
[Date "2021.11.16"]
[Round "?"]
[White "TheFinnisher"]
[Black "cuerosky"]
[Result "1-0"]
[WhiteElo "2476"]
[BlackElo "2313"]
[PlyCount "127"]
[EventDate "2021.??.??"]
[EventType "blitz"]

1. e4 e5 2. Nf3 d5 3. exd5 e4 4. Qe2 Nf6 5. d3 Bb4+ 6. c3 O-O 7. dxe4 Bd6 8.
Bg5 Re8 9. Nbd2 c6 10. O-O-O h6 11. Bxf6 Qxf6 12. Nc4 Bf4+ 13. Kb1 cxd5 14.
Rxd5 Be6 15. Rd1 Nc6 16. Ka1 Bg4 17. Qc2 b5 18. Ne3 Be6 19. Nd5 Bxd5 20. exd5
Na5 21. Bxb5 Rec8 22. Rhe1 a6 23. Bf1 Rab8 24. Nd4 Be5 25. g3 Bxd4 26. Rxd4
Qxd4 27. Bg2 Qf6 28. Rd1 Nc4 29. b3 Na3 30. Qb2 Nb5 31. c4 Qxb2+ 32. Kxb2 Nd6
33. Kc3 a5 34. Kd4 Nf5+ 35. Ke5 g6 36. d6 Rc5+ 37. Ke4 Rd8 38. d7 Rc7 39. g4
Nh4 40. Bf1 Rcxd7 41. Rxd7 Rxd7 42. c5 f5+ 43. Ke5 Kf7 44. c6 Re7+ 45. Kd6 Re6+
46. Kd7 Re7+ 47. Kd8 Re8+ 48. Kc7 Re7+ 49. Kb8 fxg4 50. c7 Re8+ 51. Kb7 Re7 52.
Bc4+ Kf6 53. Kb6 Rxc7 54. Kxc7 Nf3 55. a3 Nxh2 56. b4 axb4 57. axb4 Ke5 58. b5
Kd4 59. b6 Kxc4 60. b7 Kd4 61. b8=Q Kd3 62. Qb6 Ke2 63. Qd6 Kf1 64. Qxh2 {
Time forfeit} 1-0

[Event "Rated Blitz game"]
[Site "?"]
[Date "2021.11.16"]
[Round "?"]
[White "supertolchok"]
[Black "Roberto_Baggio1978"]
[Result "0-1"]
[WhiteElo "2522"]
[BlackElo "2587"]
[PlyCount "37"]
[EventDate "2021.??.??"]
[EventType "blitz"]

1. e4 e5 2. Nf3 d5 3. exd5 e4 4. Qe2 Nf6 5. d3 Qxd5 6. dxe4 Qxe4 7. Nc3 Qxe2+
8. Bxe2 Bb4 9. Bf4 Nc6 10. Bxc7 Bf5 11. O-O-O Rc8 12. Bd6 Ng4 13. Rhf1 Bxd6 14.
Rxd6 Nb4 15. Bb5+ Ke7 16. Rd4 Nxc2 17. Nh4 Nxd4 18. Nxf5+ Nxf5 19. h3 {Normal}
0-1

[Event "Rated Blitz game"]
[Site "?"]
[Date "2021.11.16"]
[Round "?"]
[White "MyGirlIsBack"]
[Black "Fantastic_power06"]
[Result "1-0"]
[WhiteElo "2679"]
[BlackElo "2790"]
[PlyCount "117"]
[EventDate "2021.??.??"]
[EventType "blitz"]

1. e4 e5 2. Nf3 d5 3. exd5 e4 4. Qe2 Nf6 5. Nc3 Be7 6. Nxe4 O-O 7. d3 Re8 8.
Qd1 Qxd5 9. Nxf6+ Bxf6+ 10. Be2 Qe6 11. c3 c5 12. Be3 b6 13. O-O Bb7 14. d4
cxd4 15. Nxd4 Bxd4 16. Qxd4 Nc6 17. Qg4 Qe7 18. Rae1 Ne5 19. Qg3 Ng6 20. Bg5
Qc5 21. h4 h6 22. Be3 Qe5 23. Qxe5 Nxe5 24. Bd4 Nc6 25. Be3 Ne5 26. Bb5 Re6 27.
Bd4 Ng6 28. Rxe6 fxe6 29. g3 Rd8 30. Re1 e5 31. Be3 Bf3 32. Be2 Bxe2 33. Rxe2
Rd1+ 34. Kg2 Kf7 35. Rd2 Rxd2 36. Bxd2 Ke6 37. Kf3 Kd5 38. b3 b5 39. Be3 a6 40.
Kg4 Ne7 41. Kh5 e4 42. Bb6 Ke6 43. Bc5 Nd5 44. c4 bxc4 45. bxc4 Nc3 46. Bd4
Nxa2 47. Bxg7 Nb4 48. Kxh6 a5 49. Bc3 Nd3 50. Bxa5 Nxf2 51. Bb6 e3 52. Bxe3
Ng4+ 53. Kg6 Nxe3 54. h5 Nf5 55. g4 Ne7+ 56. Kg7 Ke5 57. h6 Kf4 58. h7 Ng6 59.
Kxg6 {Time forfeit} 1-0